书目信息 |
| 题名: |
柔然帝国传奇
|
|
| 作者: | 罗三洋 编著 | |
| 分册: | ||
| 出版信息: | 北京 中国国际广播出版社 2009.01 |
|
| 页数: | 230页 | |
| 开本: | 26cm | |
| 丛书名: | ||
| 单 册: | ||
| 中图分类: | K289 | |
| 科图分类: | ||
| 主题词: | 柔然--民族历史--史料--中国 | |
| 电子资源: | ||
| ISBN: | 978-7-5078-2995-2 | |
| 000 | 00895nam0 2200217 450 | |
| 001 | 249885 | |
| 005 | 20100611174713.25 | |
| 010 | @a978-7-5078-2995-2@dCNY45.00 | |
| 100 | @a20100515d2004 ekmy0chiy0121 ea | |
| 101 | @achi | |
| 102 | @aCN@b110000 | |
| 105 | @ay z 000yy | |
| 200 | 1 | @a柔然帝国传奇@Arou ran di guo chuan qi@f罗三洋编著 |
| 210 | @a北京@c中国国际广播出版社@d2009.01 | |
| 215 | @a230页@d26cm | |
| 330 | @a柔然是继匈奴、鲜卑之后又一个影响世界历史进程的草原民族。它的发展对以后的突厥、契丹、蒙古草原民族的形成发展具有深刻影响。同匈奴一样,柔然在东方失败后踏上了西行之路,在欧洲的历史舞台上叱诧风云百余年,在罗马帝国及中世纪早期的欧洲留下了自己的印迹。本书从世界文化碰撞与互融的视角,以粗犷深浑的笔调,记录了柔然民族几百年惊心动魄的历史。 | |
| 606 | 0 | @a柔然@x民族历史@x史料@y中国 |
| 690 | @aK289@v4 | |
| 701 | 0 | @a罗三洋@4编著 |
| 801 | 0 | @aCN@c20100515 |
| 905 | @dK289@eL950@f3 | |
| 柔然帝国传奇/罗三洋编著.-北京:中国国际广播出版社,2009.01 |
| 230页;26cm |
| ISBN 978-7-5078-2995-2:CNY45.00 |
| 柔然是继匈奴、鲜卑之后又一个影响世界历史进程的草原民族。它的发展对以后的突厥、契丹、蒙古草原民族的形成发展具有深刻影响。同匈奴一样,柔然在东方失败后踏上了西行之路,在欧洲的历史舞台上叱诧风云百余年,在罗马帝国及中世纪早期的欧洲留下了自己的印迹。本书从世界文化碰撞与互融的视角,以粗犷深浑的笔调,记录了柔然民族几百年惊心动魄的历史。 |
| ● |
| 相关链接 |
|
|
|
正题名:柔然帝国传奇
索取号:K289/L950
 
预约/预借
| 序号 | 登录号 | 条形码 | 馆藏地/架位号 | 状态 | 备注 |
| 1 | 986959 | 209869597 | 社科库309/309社科库 38排2列2层/ [索取号:K289/L950] | 在馆 | |
| 2 | 986960 | 209869604 | 社科库309/309社科库 38排2列2层/ [索取号:K289/L950] | 在馆 | |
| 3 | 986961 | 209869613 | 社科库309/309社科库 38排2列2层/ [索取号:K289/L950] | 在馆 |